000 00574nam a2200169 4500
008 151205b xxu||||| |||| 00| 0 eng d
020 _a9780393913057
050 _aQD 40.A58 2013
100 _aAnthony, Sharon.
_d2013
245 _aChemConnections activity workbook/
_cSharon Anthony, Kevin L. Braun and Heather Mernitz
260 _aLondon;
_bW.W.Norton & Company,
_c2013.
300 _axxi, 326 p. : ill.
_bIncludes index.
650 _aChemistry.
700 _aBraun, Kevin L.
700 _aMernitz, Heather.
942 _2lcc
_cBOOKS
_hQD 40.A58 2013
999 _c10476
_d10476